000 00695nam a22001937a 4500
005 20130729153244.0
010 _aB-516096-135
020 _a9788184820188 V. 639
_c50.00
035 _aB-516096-135
037 _aUBH/Ven
_bdpl
082 _aS
245 _aKrishna and the False Vaasudeva:
_bpride meets its doom/
_cedited by Anant Pai
260 _aMumbai
_bAmar Chitra Katha
_c2012
270 _aKrishna House 3rd Floor, Raghuvanshi Mill Compound, S.B.Marg, Lower Parel(W)
_bMumbai
_e400013
300 _a32p.
_bcol.ill.
_c23cm(pbk)
500 _aAmar Chitra Katha
942 _2ddc
_cCH
_hS
_mKRI
999 _c78176
_d78176